000
00238nam a2200097Ia 4500
001
807735
005
20250826171236.0
008
250824s9999 xx 000 0 und d
245
0
_a
AŞKTAN DİNLE
_c
CEMALNUR SARGUT
260
_b
NEFES YAYINLARI
999
_c
807735
_d
807735